<?xml version="1.0" encoding="UTF-8"?>
<marc:record xmlns:marc="http://www.loc.gov/MARC21/slim">
   <marc:leader>00000nam a2200000 a 4500</marc:leader>
   <marc:datafield ind1="1" ind2=" " tag="100">
      <marc:subfield code="a">Deaver, Jeffery</marc:subfield>
      <marc:subfield code="4">aut</marc:subfield>
      <marc:subfield code="e">Verfasser/-in</marc:subfield>
   </marc:datafield>
   <marc:datafield ind1="0" ind2="0" tag="245">
      <marc:subfield code="a">Der gehetzte Uhrmacher</marc:subfield>
   </marc:datafield>
   <marc:datafield ind1="0" ind2="0" tag="245">
      <marc:subfield code="b">ein Lincoln-Rhyme-Thriller</marc:subfield>
   </marc:datafield>
   <marc:datafield ind1="0" ind2="0" tag="245">
      <marc:subfield code="c">Jeffery Deaver ; Deutsch von Thomas Haufschild</marc:subfield>
   </marc:datafield>
   <marc:datafield ind1=" " ind2="1" tag="264">
      <marc:subfield code="a">München</marc:subfield>
      <marc:subfield code="b">Blanvalet</marc:subfield>
      <marc:subfield code="c">2019</marc:subfield>
   </marc:datafield>
   <marc:datafield ind1=" " ind2=" " tag="250">
      <marc:subfield code="a">1. Auflage</marc:subfield>
   </marc:datafield>
   <marc:datafield ind1="1" ind2=" " tag="520">
      <marc:subfield code="a">Angaben aus der Verlagsmeldung

Der gehetzte Uhrmacher : Ein Lincoln-Rhyme-Thriller The Cold Moon (Lincoln Rhyme 07) / von Jeffery Deaver

Dieser Thriller wird Ihnen buchstäblich die Zeit vertreiben!

Kleine Standuhren, die gnadenlos die letzten Sekunden im Leben der Opfer herunterzählen – sie sind das unverwechselbare Markenzeichen des »Uhrmachers«. Lincoln Rhyme und Amelia Sachs jagen einen Serienkiller, der seine Morde mit der unfehlbaren Präzision eines Schweizer Uhrwerks begeht. Und sie erhalten dabei unschätzbare Hilfe von Kathryn Dance – einer weltweit anerkannten Verhörspezialistin, die Verbrecher zuverlässiger entlarven kann als ein Lügendetektor. Doch der Uhrmacher ist den Ermittlern stets einen Schritt voraus, und irgendwo im Verborgenen tickt ein Zeitzünder unerbittlich gegen Null ...

</marc:subfield>
   </marc:datafield>
   <marc:datafield ind1=" " ind2=" " tag="020">
      <marc:subfield code="a">9783734107689</marc:subfield>
      <marc:subfield code="9">9783734107689</marc:subfield>
   </marc:datafield>
   <marc:datafield ind1=" " ind2=" " tag="020">
      <marc:subfield code="a">3734107687</marc:subfield>
      <marc:subfield code="9">3734107687</marc:subfield>
   </marc:datafield>
   <marc:datafield ind1=" " ind2=" " tag="041">
      <marc:subfield code="a">ger</marc:subfield>
   </marc:datafield>
   <marc:datafield ind1=" " ind2=" " tag="300">
      <marc:subfield code="a">511 Seiten</marc:subfield>
   </marc:datafield>
</marc:record>
